[Event "EST-ch U14"]
[Site "Tallinn"]
[Date "2022.05.19"]
[Round "2"]
[White "Gridin, Maksim"]
[Black "Maapalu, Ralf"]
[Result "0-1"]
[WhiteElo "1277"]
[BlackElo "1111"]
[PlyCount "110"]
[EventDate "2022.05.19"]
[EventType "swiss"]
[EventRounds "8"]
[EventCountry "EST"]
[SourceTitle "EXT 2023"]
[Source "ChessBase"]
[SourceDate "2022.10.05"]
[SourceVersion "1"]
[SourceVersionDate "2022.10.05"]
[SourceQuality "1"]

1. c4 c5 2. Nc3 Nc6 3. Nf3 Nf6 4. e3 e6 5. Be2 d5 6. cxd5 exd5 7. d4 Bf5 8. 0-0 Be7 9. b3 0-0 10. Bb2 a6 11. Bd3 Bxd3 12. Qxd3 Nb4 13. Qe2 Qc7 14. dxc5 Bxc5 15. a3 Nc6 16. Rfd1 Rad8 17. Rac1 Qe7 18. b4 Ba7 19. Rd3 Rfe8 20. Qd1 d4 21. exd4 Nxd4 22. h3 Nxf3+ 23. Qxf3 Rxd3 24. Qxd3 Rd8 25. Qc2 h6 26. Kf1 Qe5 27. g3 Qh5 28. Kg2 Qg5 29. Rd1 Rxd1 30. Qxd1 Qf5 31. Qf3 Qc2 32. Nd1 Ne4 33. h4 Nxf2 34. Nxf2 Qxb2 35. Qf5 Qxf2+ 36. Qxf2 Bxf2 37. Kxf2 f5 38. h5 Kf7 39. Ke3 g6 40. hxg6+ Kxg6 41. Kf4 Kf6 42. Ke3 Ke5 43. Kd3 h5 44. Kc4 f4 45. gxf4+ Kxf4 46. Kc5 h4 47. Kb6 h3 48. Kxb7 h2 49. Kxa6 h1Q 50. a4 Qa8+ 51. Kb5 Ke5 52. a5 Kd5 53. a6 Qc6+ 54. Ka5 Kc4 55. a7 Qb5# 0-1